សិក្សាពីលទ្ឌភាពនៃប្រព័ន្ធកសិរុក្ខកម្មលើផ្ទៃដីព្រៃរិចរិល និងលើផ្ទៃដីដាំដុះនៅស្រុកកំពង់ត្រឡាច ខេត្តកំពង់ឆ្នាំង (Record no. 243)
[ view plain ]
| 000 -LEADER | |
|---|---|
| fixed length control field | 00723nam a22001577a 4500 |
| 003 - CONTROL NUMBER IDENTIFIER | |
| control field | OSt |
| 005 - DATE AND TIME OF LATEST TRANSACTION | |
| control field | 20150910160242.0 |
| 008 - FIXED-LENGTH DATA ELEMENTS--GENERAL INFORMATION | |
| fixed length control field | 150910b xxu||||| |||| 00| 0 eng d |
| 040 ## - CATALOGING SOURCE | |
| Transcribing agency | RUA |
| 082 ## - DEWEY DECIMAL CLASSIFICATION NUMBER | |
| Classification number | AGR ប្រាក់ 1995 B013 Or.1 |
| 100 ## - MAIN ENTRY--PERSONAL NAME | |
| 9 (RLIN) | 263 |
| Personal name | ប្រាក់ ថាវអមិតា |
| 245 ## - TITLE STATEMENT | |
| Title | សិក្សាពីលទ្ឌភាពនៃប្រព័ន្ធកសិរុក្ខកម្មលើផ្ទៃដីព្រៃរិចរិល និងលើផ្ទៃដីដាំដុះនៅស្រុកកំពង់ត្រឡាច ខេត្តកំពង់ឆ្នាំង |
| 260 ## - PUBLICATION, DISTRIBUTION, ETC. (IMPRINT) | |
| Place of publication, distribution, etc. | Phnom Penh |
| Name of publisher, distributor, etc. | RUA |
| Date of publication, distribution, etc. | 1995 |
| 300 ## - PHYSICAL DESCRIPTION | |
| Extent | 55p. |
| Other physical details | ill. |
| Dimensions | 29cm. |
| 942 ## - ADDED ENTRY ELEMENTS (KOHA) | |
| Source of classification or shelving scheme | |
| Koha item type | AGR |
| Price effective from | Date last seen | Permanent Location | Not for loan | Date acquired | Source of classification or shelving scheme | Koha item type | Barcode | Lost status | Damaged status | Shelving location | Withdrawn status | Current Location | Full call number |
|---|---|---|---|---|---|---|---|---|---|---|---|---|---|
| 2015-09-10 | 2015-09-10 | Library Block B | 2015-09-10 | AGR | RUA003917 | B013 | Library Block B | AGR ប្រាក់ 1995 B013 Or.1 | |||||
| 2015-09-10 | 2015-09-10 | Library Block B | 2015-09-10 | AGR | RUA003745 | B013 | Library Block B | AGR ប្រាក់ 1995 B013 Or.2 | |||||
| 2015-09-10 | 2015-09-10 | Library Block B | 2015-09-10 | AGR | RUA003673 | B013 | Library Block B | AGR ប្រាក់ 1995 B013 Or.3 | |||||
| 2015-09-10 | 2015-09-10 | Library Block B | 2015-09-10 | AGR | RUA003601 | B013 | Library Block B | AGR ប្រាក់ 1995 B013 Or.4 | |||||
| 2015-09-10 | 2015-09-10 | Library Block B | 2015-09-10 | AGR | RUA003678 | B013 | Library Block B | AGR ប្រាក់ 1995 B013 Or.5 | |||||
| 2015-09-10 | 2015-09-10 | Library Block B | 2015-09-10 | AGR | RUA003606 | B013 | Library Block B | AGR ប្រាក់ 1995 B013 Or.6 | |||||
| 2015-09-10 | 2015-09-10 | Library Block B | 2015-09-10 | AGR | RUA003822 | B013 | Library Block B | AGR ប្រាក់ 1995 B013 Or.7 | |||||
| 2015-09-10 | 2015-09-10 | Library Block B | 2015-09-10 | AGR | RUA006505 | B013 | Library Block B | AGR ប្រាក់ 1995 B013 Or.8 |